00367pab a2200133 454500008004000000100001800040245006500058260000900123300001300132362001000145650003100155650001300186773003400199180718b2010 xxu||||| |||| 00| 0 eng d aBaxi, Upendra aRevisiting Gujarat 2002 with Harsh Mander (a review article) c2010 ap.32-39. a3 Apr aViolence - India - Gujarat aViolence aEconomic and Political Weekly